Tribal issues in India (Record no. 407738)

000 -LEADER
fixed length control field 00537cam a22001577a 4500
008 - FIXED-LENGTH DATA ELEMENTS--GENERAL INFORMATION
fixed length control field 180718b2004 xxu||||| |||| 00| 0 eng d
020 ## - INTERNATIONAL STANDARD BOOK NUMBER
International Standard Book Number 8170338484
082 ## - DEWEY DECIMAL CLASSIFICATION NUMBER
Classification number BA27x54 Sa19
245 ## - TITLE STATEMENT
Title Tribal issues in India
Statement of responsibility, etc. edited by D. C. Sah and Yatindra Singh Sisodia
260 ## - PUBLICATION, DISTRIBUTION, ETC.
Place of publication, distribution, etc. Jaipur
Name of publisher, distributor, etc. Rawat and Madhya Pradesh Institute of Social Sciences
Date of publication, distribution, etc. 2004
300 ## - PHYSICAL DESCRIPTION
Extent 344p.
650 ## - SUBJECT ADDED ENTRY--TOPICAL TERM
Topical term or geographic name entry element Scheduled castes and scheduled tribes - India
650 ## - SUBJECT ADDED ENTRY--TOPICAL TERM
Topical term or geographic name entry element Tribes and tribal systems - India
700 ## - ADDED ENTRY--PERSONAL NAME
Personal name Sisodia, Yatindra Singh
700 ## - ADDED ENTRY--PERSONAL NAME
Personal name Sah, D. C.
Holdings
Withdrawn status Lost status Damaged status Not for loan Permanent Location Current Location Date acquired Full call number Barcode Date last seen Price effective from Koha item type
        Indian Institute of Public Administration Indian Institute of Public Administration 2008-08-20 BA27x54 Sa19 82554 2018-07-21 2018-07-21 Book

Powered by Koha